Zváracie materiály. STN 05 5520. EN ISO 15792-1 : Metódy skúšania. Časť 1: Metódy skúšania skúšobných vzoriek zvarového kovu ocelí, niklu a niklových zliatin. November 2008

Guardado en:
Detalles Bibliográficos
Formato: Libro
Lenguaje:eslovaco
Publicado: Bratislava : Slovenský ústav technickej normalizácie, 2008
Materias:
Etiquetas: Agregar Etiqueta
Sin Etiquetas, Sea el primero en etiquetar este registro!

MARC

LEADER 00000nam a22000003a 4500
001 stu256654
005 20150408165242.2
008 121102s2008----xo------------------slo-d
040 |a STU  |b slo 
041 0 |a slo 
044 |a xo 
245 |a Zváracie materiály. STN 05 5520. EN ISO 15792-1 :  |b Metódy skúšania. Časť 1: Metódy skúšania skúšobných vzoriek zvarového kovu ocelí, niklu a niklových zliatin. November 2008 
260 |a Bratislava :  |b Slovenský ústav technickej normalizácie,  |c 2008 
300 |a 12 s 
500 |a Táto norma nahrádza STN EN 1597-1 z apríla 2000 v celom rozsahu 
650 7 |a zváracie materiály  |2 stusub 
996 |b 284M081619  |c M*N-1539-1  |l MMKN  |s A  |a 24  |w stu256654_0001